| 000 | 01577nam0a22002531 4500 | ||
|---|---|---|---|
| 001 | v19\rc\2017625 | ||
| 005 | 20250620003525.0 | ||
| 035 | _a(NLR Aleph) 005098404 | ||
| 090 |
_a7367019 _c7367019 |
||
| 100 | _a20080925d1903 |||y0rusy50 ca | ||
| 101 | 0 | _arus | |
| 102 | _aRU | ||
| 105 | _ay z ||||| | ||
| 200 | 1 | _a[Объявление торгового дома Мюнх и Неефф в Харькове об открытии им фабричного склада изделий Товарищества русско-французских заводов резинового, гуттаперчевого и телеграфного производств под фирмой "Проводник"] | |
| 210 |
_aХарьков _dценз. 1903 |
||
| 215 | _a[2] с. | ||
| 300 | _aТекст начинается словами: "Мм. гг. Торговый дом Мюнх и Неефф в Харькове настоящим имеет честь уведомить..." | ||
| 532 | 1 | 3 | _aОбъявление торгового дома Мюнх и Неефф в Харькове об открытии им фабричного склада изделий Товарищества русско-французских заводов резинового, гуттаперчевого и телеграфного производств под фирмой "Проводник"] |
| 710 | 0 | 2 |
_aМюнх и Нееф, торг. д. _cХарьков |
| 801 | 0 |
_aRU _bNLR _gpsbo |
|
| 801 | 1 |
_aRU _bProSoft-M _2rusmarc |
|
| 852 |
_aNLR _j18.333.1.252 |
||
| 942 | _cBOOK | ||
| 980 | _aNB | ||